[Event "KEN-ch"]
[Site "Nairobi"]
[Date "2022.12.28"]
[Round "5"]
[White "Nganga, Joseph"]
[Black "Kamau, Kelvin Ngigi"]
[Result "0-1"]
[WhiteElo "1430"]
[BlackElo "1509"]
[PlyCount "87"]
[EventDate "2022.12.26"]
[EventType "swiss"]
[EventRounds "9"]
[EventCountry "KEN"]
[SourceTitle "EXT 2024"]
[Source "ChessBase"]
[SourceDate "2023.10.10"]
[SourceVersion "1"]
[SourceVersionDate "2023.10.10"]
[SourceQuality "1"]

1. e4 e5 2. Nf3 d6 3. d4 Bg4 4. Be2 Nf6 5. Nc3 Nc6 6. dxe5 Bxf3 7. exf6 Bxe2 8. Qxe2 Qxf6 9. Nd5 Qd8 10. 0-0 Be7 11. f4 0-0 12. f5 Ne5 13. f6 gxf6 14. Bh6 Re8 15. Rf5 Kh8 16. Raf1 Rg8 17. Nxe7 Qxe7 18. Qe3 Rg6 19. Bf4 Rag8 20. Bg3 b6 21. Kh1 Nd7 22. c4 a5 23. R1f2 Re8 24. Re2 Nc5 25. Rf4 Ne6 26. Rh4 c5 27. Be1 Nd4 28. Qh3 Rg7 29. Re3 Qe6 30. b3 Nf5 31. exf5 Qxe3 32. Qxe3 Rxe3 33. Bf2 Re2 34. Kg1 Rg5 35. Rf4 Rxa2 36. g3 a4 37. bxa4 Rxa4 38. Be3 Kg8 39. Bd2 Ra3 40. Bc1 Ra1 41. Rf1 Ra8 42. Kg2 Kf8 43. Kg1 Ra2 44. Bf4 0-1

[Event "KEN-ch"]
[Site "Nairobi"]
[Date "2022.12.27"]
[Round "3"]
[White "Nganga, Joseph"]
[Black "Sadam, Ali Sheikh"]
[Result "1-0"]
[WhiteElo "1430"]
[BlackElo "1545"]
[PlyCount "37"]
[EventDate "2022.12.26"]
[EventType "swiss"]
[EventRounds "9"]
[EventCountry "KEN"]
[SourceTitle "EXT 2024"]
[Source "ChessBase"]
[SourceDate "2023.10.10"]
[SourceVersion "1"]
[SourceVersionDate "2023.10.10"]
[SourceQuality "1"]

1. e4 e6 2. d4 d5 3. e5 c5 4. c3 Ne7 5. Bd3 Nbc6 6. Nf3 Nb8 7. b3 Qb6 8. Be3 c4 9. Bc2 Qc7 10. bxc4 dxc4 11. Qe2 b5 12. a4 Qa5 13. 0-0 Bb7 14. Ng5 h6 15. Qh5 Nd7 16. h3 Nxe5 17. dxe5 b4 18. cxb4 Ng6 19. Qg4 1-0